| 000 | 01216cam a22003374a 4500 | ||
|---|---|---|---|
| 001 | 4572 | ||
| 003 | BD-RjUL | ||
| 005 | 20211208233921.0 | ||
| 008 | 030411s2005 coua b 001 0 eng d | ||
| 020 | _a1588261972 (alk. paper) | ||
| 020 | _a1588261727 (pbk. : alk. paper) | ||
| 020 | _a8130900726 | ||
| 035 | _a(BD-RjUL)4607 | ||
| 040 |
_aDLC _cDLC _dDLC _d(BD-RjUL) _beng |
||
| 041 | _aeng | ||
| 082 | 0 | 0 |
_a303.64 _221 _bPOL |
| 245 | 0 | 4 |
_aThe political economy of armed conflict : _bbeyond greed and grievance / _cedited by Karen Ballentine and Jake Sherman. |
| 260 |
_aBoulder, Co. : _bLynne Rienner Publishers, _c2005 |
||
| 300 |
_aix, 317 p. : _bill. ; _c24 cm. |
||
| 500 | _a"A project of the International Peace Academy." | ||
| 504 | _aIncludes bibliographical references and index. | ||
| 650 | 0 |
_aCivil war _xEconomic aspects _vCase studies. _914431 |
|
| 650 | 0 |
_aWar _xEconomic aspects _vCase studies. _914432 |
|
| 700 | 1 |
_aBallentine, Karen. _914433 |
|
| 700 | 1 |
_aSherman, Jake. _914434 |
|
| 710 | 2 |
_aInternational Peace Academy. _914435 |
|
| 856 | 4 | 1 |
_3Table of contents _uhttp://www.loc.gov/catdir/toc/fy038/2003046717.html |
| 942 |
_2ddc _cBK |
||
| 999 |
_c4572 _d4572 |
||